Flags of countries of the world #10 - Statistics

General Stats
  • This quiz has been taken 27 times
  • The average score is 16 of 18
Answer Stats
Picture Answer % Correct
Andorra
93%
Armenia
93%
Chad
93%
Colombia
93%
Ecuador
93%
Moldova
93%
Morocco
93%
Portugal
93%
Romania
93%
Sri Lanka
93%
Suriname
93%
Ghana
86%
Mongolia
86%
Dominica
79%
Kyrgyzstan
79%
Mauritius
79%
Uganda
79%
Grenada
71%
No matching quizzes found
Score Distribution
Percent of People with Each Score
Percentile by Number Answered
Your Score History
You have not taken this quiz